000 01446cam a2200361 a 4500
001 EDZ0000063560
003 StDuBDS
005 20161031105102.0
006 m||||||||d||||||||
007 cr |||||||||||
008 120315s2007 cau fo| 001|0|eng|d
020 _a9781452226026 (ebook) :
_cNo price
040 _aStDuBDS
_beng
_cStDuBDS
_epn
049 _aAlfaisal Main Library
050 0 _aE185.86
_b.B525 2007
082 0 4 _a306.8708996073
_223
245 0 0 _aBlack families
_h[electronic resource] /
_cedited by Harriette Pipes McAdoo.
250 _a4th ed.
260 _aThousand Oaks, Calif. ;
_aLondon :
_bSAGE,
_cc2007.
300 _a1 online resource (xvi, 364 p.)
500 _aPrevious ed.: 1997.
520 8 _aLooking at the history and contemporary experiences of black families, this new edition examines the issue from religious socio-economic, legal and gender based perspectives and will be a useful reference for family, race, and ethnic studies.
521 _aSpecialized.
588 _aDescription based on print version record.
504 _aIncludes bibliographical references and index.
650 0 _aAfrican American families.
655 7 _aElectronic books.
_2local
700 1 _aMcAdoo, Harriette Pipes.
710 2 _aSage eBooks
776 0 8 _iPrint version :
_z9781412936385
856 4 0 _uhttp://ezproxy.alfaisal.edu/login?url=http://sk.sagepub.com/books/black-families-4e
942 _2lcc
_cEBOOKS
999 _c479076
_d479076